<?xml version="1.0" encoding="UTF-8"?>
<record
    xmlns:xsi="http://www.w3.org/2001/XMLSchema-instance"
    xsi:schemaLocation="http://www.loc.gov/MARC21/slim http://www.loc.gov/standards/marcxml/schema/MARC21slim.xsd"
    xmlns="http://www.loc.gov/MARC21/slim">

  <leader>00955nam a2200241 a 4500</leader>
  <controlfield tag="001">BRCA_6095</controlfield>
  <controlfield tag="005">20190320205331.0</controlfield>
  <controlfield tag="008">220611s1830----fr-#######---#000-0#fre-#</controlfield>
  <datafield tag="041" ind1=" " ind2=" ">
    <subfield code="a">fre</subfield>
  </datafield>
  <datafield tag="044" ind1=" " ind2=" ">
    <subfield code="a">fr</subfield>
  </datafield>
  <datafield tag="050" ind1=" " ind2="4">
    <subfield code="a">PQ2369.M8</subfield>
    <subfield code="b">.B57 1830</subfield>
  </datafield>
  <datafield tag="100" ind1="1" ind2=" ">
    <subfield code="a">Bir&#xE9;, Edmond</subfield>
    <subfield code="d">1829-1907</subfield>
    <subfield code="9">15412</subfield>
  </datafield>
  <datafield tag="245" ind1="1" ind2="0">
    <subfield code="a">Oeuvres compl&#xE9;tes de Alfred de Musset</subfield>
    <subfield code="b">nouvelle &#xE9;dition revue, corrig&#xE9;e et compl&#xE9;t&#xE9;e de documents in&#xE9;dits pr&#xE9;c&#xE9;d&#xE9;e d&#xB4;une notice biographique sur l&#xB4;auteur et suivie de notes</subfield>
    <subfield code="c">par Edmond Bir&#xE9;.</subfield>
  </datafield>
  <datafield tag="260" ind1=" " ind2=" ">
    <subfield code="a">Par&#xED;s</subfield>
    <subfield code="b">Garnier Fr&#xE8;res</subfield>
    <subfield code="c">[1830?]</subfield>
  </datafield>
  <datafield tag="300" ind1=" " ind2=" ">
    <subfield code="a">lxxx, 423 p. (v.1)</subfield>
    <subfield code="c">19 cm.</subfield>
  </datafield>
  <datafield tag="500" ind1=" " ind2=" ">
    <subfield code="a">I19</subfield>
  </datafield>
  <datafield tag="504" ind1=" " ind2=" ">
    <subfield code="a">Incluye referencias bibliogr&#xE1;ficas</subfield>
  </datafield>
  <datafield tag="505" ind1="0" ind2=" ">
    <subfield code="a">Contenido: v.1. Premieres Poesies : 1829-1835. Contes d&#xB4;Espagne et d&#xB4;Italie - Spectacle dans un fauteuil - Po&#xE9;sies diverses - Namouna</subfield>
  </datafield>
  <datafield tag="600" ind1="1" ind2="4">
    <subfield code="a">Musset, Alfred de</subfield>
    <subfield code="d">1810-1857</subfield>
    <subfield code="9">15413</subfield>
  </datafield>
  <datafield tag="650" ind1="1" ind2="4">
    <subfield code="a">Literatura francesa</subfield>
    <subfield code="9">15414</subfield>
  </datafield>
  <datafield tag="902" ind1=" " ind2=" ">
    <subfield code="a">GFM</subfield>
  </datafield>
  <datafield tag="942" ind1=" " ind2=" ">
    <subfield code="2">lcc</subfield>
    <subfield code="c">B</subfield>
  </datafield>
  <datafield tag="999" ind1=" " ind2=" ">
    <subfield code="c">5782</subfield>
    <subfield code="d">5782</subfield>
  </datafield>
  <datafield tag="952" ind1=" " ind2=" ">
    <subfield code="0">0</subfield>
    <subfield code="1">0</subfield>
    <subfield code="4">0</subfield>
    <subfield code="7">0</subfield>
    <subfield code="a">BRCA</subfield>
    <subfield code="b">BRCA</subfield>
    <subfield code="d">2011-06-22</subfield>
    <subfield code="i">I19</subfield>
    <subfield code="l">0</subfield>
    <subfield code="o">PQ2369.M8 .B57 1830 (I19)</subfield>
    <subfield code="p">6534</subfield>
    <subfield code="r">2019-03-22 00:00:00</subfield>
    <subfield code="w">2019-03-22</subfield>
    <subfield code="y">B</subfield>
  </datafield>
</record>
